Normal view
MARC view
Entry Personal Name
001 - CONTROL NUMBER
- control field: 40334
003 - CONTROL NUMBER IDENTIFIER
- control field: ARRUPE
005 - DATE AND TIME OF LATEST TRANSACTION
- control field: 20180308092620.0
008 - FIXED-LENGTH DATA ELEMENTS
- fixed length control field: 180308|| aca||aabn | a|a d
040 ## - CATALOGING SOURCE
- Original cataloging agency: ARRUPE
- Transcribing agency: ARRUPE
100 ## - HEADING--PERSONAL NAME
- Personal name: Hulley, Cecil M
670 ## - SOURCE DATA FOUND
- Source citation: Work cat.: (ARRUPE)35264: Hulley, Cecil M, Where lions once roamed /, 1969